000 00458nam a22001937a 4500
003 MPLRDC
005 20220104124759.0
008 210129b ||||| |||| 00| 0 eng d
020 _a962-357-199-2
082 _a827 JY-2
100 _a吴霭仪
245 _a金庸小说的情
_c
250 _a第四版
260 _a
_b明窗出版社
_c1993
300 _b
490 _a金庸小说评论
650 _a中国小说论
942 _cBK
_o827 JY-2
999 _c22095
_d22085